Welcome to CU Library Online Public Access Catalogue (OPAC)

Business Law (Record no. 331)

MARC details
000 -LEADER
fixed length control field 00481nam a22001937a 4500
003 - CONTROL NUMBER IDENTIFIER
control field OSt
005 - DATE AND TIME OF LATEST TRANSACTION
control field 20250303145435.0
008 - FIXED-LENGTH DATA ELEMENTS--GENERAL INFORMATION
fixed length control field 241028b |||||||| |||| 00| 0 eng d
020 ## - INTERNATIONAL STANDARD BOOK NUMBER
International Standard Book Number 9781844804610
100 ## - MAIN ENTRY--PERSONAL NAME
Personal name Abbott, Keith
245 ## - TITLE STATEMENT
Title Business Law
250 ## - EDITION STATEMENT
Edition statement 8th Edition
260 ## - PUBLICATION, DISTRIBUTION, ETC.
Place of publication, distribution, etc. United Kingdom
Name of publisher, distributor, etc. TJ International
Date of publication, distribution, etc. 2007
300 ## - PHYSICAL DESCRIPTION
Extent xx, 698 pages
Dimensions 24.5cm
650 ## - SUBJECT ADDED ENTRY--TOPICAL TERM
Source of heading or term Business Law
700 ## - ADDED ENTRY--PERSONAL NAME
Personal name Pendlebury, Norman
700 ## - ADDED ENTRY--PERSONAL NAME
Personal name Wardman, Kevin
942 ## - ADDED ENTRY ELEMENTS (KOHA)
Source of classification or shelving scheme Library of Congress Classification
Koha item type Books
Suppress in OPAC No
999 ## -
-- 331
-- 331
Holdings
Withdrawn status Lost status Source of classification or shelving scheme Damaged status Not for loan Home library Current library Shelving location Date acquired Total checkouts Full call number Barcode Date last seen Copy number Price effective from Koha item type Collection
    Library of Congress Classification     Business Library (Miotso) Business Library (Miotso) General stacks 01/28/2025   KD2080 A1 ABB BSSM00000720 01/28/2025 5 01/28/2025 Books Non-fiction
    Library of Congress Classification     Law Library (Christ Temple) Law Library (Christ Temple) General stacks 03/03/2025   KD2080.A1 ABB LLCT00000478 03/03/2025 1 03/03/2025 Books Non-fiction
    Library of Congress Classification     Law Library (Christ Temple) Law Library (Christ Temple) General stacks 03/03/2025   KD2080.A1 ABB LLCT00000498 03/20/2025 2 03/03/2025 Books Non-fiction
    Library of Congress Classification     Law Library (Christ Temple) Law Library (Christ Temple) General stacks 03/03/2025   KD2080.A1 ABB LLCT00000499 03/20/2025 3 03/03/2025 Books Non-fiction
    Library of Congress Classification     Law Library (Christ Temple) Law Library (Christ Temple) General stacks 03/03/2025   KD2080.A1 ABB LLCT00000500 03/20/2025 4 03/03/2025 Books Non-fiction
    Library of Congress Classification     Law Library (Christ Temple) Law Library (Christ Temple) General stacks 03/03/2025   KD2080.A1 ABB LLCT00000501 03/20/2025 5 03/03/2025 Books Non-fiction
    Library of Congress Classification     Law Library (Kumasi) Law Library (Kumasi) General stacks 05/03/2025   KD 2080.A1 ABB llk00000100 05/03/2025 6 05/03/2025 Books Non-fiction
    Library of Congress Classification     Law Library (Miotso) Law Library (Miotso) General stacks 10/28/2024   KD2080 A1 ABB llm00000544 11/02/2024 3 10/28/2024 Books  
    Library of Congress Classification     Law Library (Miotso) Law Library (Miotso) General stacks 10/28/2024   KD2080 A1 ABB llm00000545 11/02/2024 4 10/28/2024 Books  
    Library of Congress Classification     Law Library Annex (Miotso) Law Library Annex (Miotso) General stacks 10/28/2024   KD2080 A1 ABB LLM00000077 10/28/2024 2 10/28/2024 Books  
    Library of Congress Classification     Law Library Annex (Miotso) Law Library Annex (Miotso) General stacks 10/28/2024   KD2080 A1 ABB LLM00000076 10/28/2024 1 10/28/2024 Books  
© 2023-2024 Copyright: Central University Libraries. All Rights Reserved | Created by: Mahone Tech Office